| 000 | 00802nas a2200217 a 4500 | ||
|---|---|---|---|
| 001 | 5343 | ||
| 003 | CDMR | ||
| 005 | 20130920144444.0 | ||
| 008 | 130130d19401976sp ||||||||||||spa||||||d | ||
| 040 |
_aCDMR _bcat _cCDMR |
||
| 240 | _aMundo | ||
| 245 | 0 |
_aMundo _b: revista de política exterior y economía _ceditada por la Agencia EFE |
|
| 246 |
_aMundo _b: revista gráfica semanal de información mundial |
||
| 246 | _aMundo revista | ||
| 260 |
_aMadrid _c1940- _bEFE |
||
| 500 | _aDescripció basada en l'exemplar de l'any 1, núm. 9 | ||
| 500 | _aExemplars enquadernats de juliol 1940 fins a desembre 1976 | ||
| 500 | _aHi ha errades a la numeració de la coberta dels volums corresponents a maig-desembre 1940, gener-abril 1941 i maig-agost 1941 | ||
| 710 | 2 |
_9624 _aAgencia EFE |
|
| 942 |
_cMON _2udc |
||
| 999 |
_c5343 _d5343 |
||